Statistieken voor Landen het dichtstbij Nederland

Klik hier om de quiz te nemen!

Algemene statistieken

  • Deze quiz is 38 keer genomen
  • De gemiddelde score is 23 van 27

Antwoordstatistieken

HintAntwoord% Correct
0België
100%
0Duitsland
100%
55Frankrijk
97%
509Italië
97%
60Luxemburg
97%
942Spanje
97%
438Zweden
97%
200Denemarken
94%
133Verenigd Koninkrijk
94%
662Ierland
91%
464Liechtenstein
91%
499Noorwegen
91%
444Oostenrijk
91%
463Polen
91%
368Zwitserland
91%
830Hongarije
88%
820Slowakije
88%
954Andorra
85%
732Slovenië
85%
805Kroatië
82%
786Monaco
82%
430Tsjechië
82%
953Bosnië en Herzegovina
73%
895San Marino
70%
940Litouwen
67%
837Rusland
64%
945Letland
58%

Scoreverdeling

Percentiel versus Aantal Correcte Antwoorden

Procent van Mensen met Elke Score

Uw Scoregeschiedenis

U heeft deze quiz nog niet genomen